03420nam a2200325Ia 4500003000400000005001700004008004100021020001800062040002100080041001300101082002300114100003500137245016200172250001900334260004600353300002900399490001500428500017300443505005800616520201500674546002802689650004102717650004902758650003702807650004802844700005802892942001202950999001502962952011702977OSt20210903095328.0210310s2011 sp fr 001 0dspa d a9788493696153 aCO-JMCRcCO-JMCR1 aspaheng04a330.9 /bA468f2231 aAltman, Daniel, 917460eautor10aFuturos imperfectos : blas 12 tendencias asombrosas que remodelarán la economía global / cDaniel Altman ; traducción, María Isabel Merino Sánchez a1°. edición aBarcelona : bTendencias Editores, c2011 a317 páginas ; c23 cm.0 aTendencias aIncluye índice temático y datos biográficos del autor. Título original : Outrageous fortunes. The twelve surprising trends that will reshape the global economy.0 aLímites -- Obstáculos -- Oportunidades -- Riesgos3 aMás que a una crisis, nos enfrentamos a un cambio sin precedentes en la economía global. El mundo está inmerso en la mayor recesión desde la Segunda Guerra Mundial, y el desenlace de la situación dependerá de las decisiones que tomen nuestras instituciones en los próximos años. A partir de esta premisa, el periodista Daniel Altman, economista formado en Harvard, realiza un análisis tan riguroso como accesible de los retos y oportunidades que, como individuos y como naciones, vamos a afrontar en los próximos treinta años. Más allá de las fluctuaciones experimentadas por los mercados de un día para otro, sostiene, son otros factores, profundamente enraizados, los que determinan la vida de generaciones enteras: la estabilidad de los gobiernos, la mentalidad de los pueblos, la corrupción y los mercados negros. Desde esta perspectiva, Altman nos confronta con doce predicciones, sorprendentes pero lógicas, en torno a los cambios críticos que nos aguardan a largo plazo: el rápido declive de la economía china tras el auge actual; la desintegración de Europa en tanto que unidad económica a causa de la desigualdad de sus economías, los movimientos migratorios, que impedirán a los países conservar a sus trabajadores más cualificados; o la aparición de un nuevo colonialismo capitalista, que empobrecerá tanto al país colonizado como al colonizador. No obstante, afirma el autor de Conectados, estamos a tiempo de rectificar. La construcción de un futuro económico más halagüeño requiere paciencia, sacrificio y estabilidad. En ese sentido, la obra de Altman constituye una herramienta indispensable para que gobiernos, empresas e individuos por un igual sean capaces de tomar decisiones inteligentes a largo plazo, basadas en un pensamiento más profundo y global. Sólo conociendo los peligros a los que nos enfrentamos seremos capaces de evitar los riesgos y aprovechar las oportunidades. De tomar, en suma, las riendas del futuro. aTraducido del inglés.14aPronóstico de la economía91746224aGlobalizaciónxAspectos económicos9697424aCrisis económica y200893995424aCompetencia económica internacional970371 aMerino Sánchez, María Isabel, etraductora939955 2ddccBK c8503d8503 00102ddc40708NFICaCPLbCPLd2018-04-15eDonacióno330.9 / A468fp430006128r2024-05-16 00:00:00tEj.1yBK